00826njm a22002177a 450000500170000000800410001704100080005810000210006610000190008724500480010626000150015426000330016926000160020226000090021830000130022730000180024050502930025865000150055165000210056665000210058720220720142849.0190128b xxu||||| |||| 00| 0 spa d aspa aCapelli, Luciano aRoss, Yazmín aA todo swing: pa' bailar de principio a fin aCosta Rica bSimbiosis de Centroamérica bPapayamusic c2006 a1 CD-ROM a45:38 minutos a1. Mueve, mueve. 2. Son de Tiquicia. 3. Lágrima por lágrima. 4. Te regalo este bolero. 5. Ponga atención caballero. 6. Así nación mi cumbia. 7. Tu ausencia. 8. Recordando mi puerto. 9. La leyenda de tus ojos. 10. Pa' chinear tu corazoncito. 11. Si quieres llorar. 12. Tu partida aCOSTA RICA aMÚSICA POPULAR aSWING (MÚSICA)